| 000 | 00524nam a2200181Ia 4500 | ||
|---|---|---|---|
| 003 | IEPS | ||
| 005 | 20250703135239.0 | ||
| 008 | 250223s9999||||xx |||||||||||||| ||und|| | ||
| 040 | _CIEPS | ||
| 041 | _aara | ||
| 082 | _a613.7 | ||
| 100 | _aمحمد صبحي حسانين | ||
| 245 | 0 | _aنموذج الكفاية البدنية | |
| 260 |
_aالقاهرة _bدار الفكر العربي _c1985 |
||
| 300 |
_a333 ص. _bغلاف ملون ومصور _c24 سم |
||
| 653 | _aالتربية البدنية | ||
| 942 | _cكتاب | ||
| 999 |
_c11093 _d11093 |
||